World Religions- General Knowledge - Statistics

General Stats
  • This quiz has been taken 504 times
  • The average score is 11 of 20
Answer Stats
Hint Answer % Correct
Indigenous religion of Japan Shintoism
88%
Monotheistic religion that spawned offshoots Christianity and Islam Judaism
86%
Christianity is split into three main branches- Catholicism, Protestantism, and - Orthodox
75%
Oldest religion still practiced today Hinduism
72%
Number of main deities in the Greek pantheon 12
71%
Controversial new religious movement based on dianetics Scientology
68%
Ancient Persian religion- one of the world's oldest monotheistic beliefs Zoroastrianism
65%
Permissible or allowed in the Islamic religion Halal
60%
Religion that worships Haile Selassie I of Ethiopia as the Second Advent of Jesus Rastafarianism
59%
Neo-pagan religion introduced in 1954 by Gerald Gardner Wicca
59%
True name of the historical Buddha Siddhartha Gautama
57%
Monotheistic religion centered in Punjab region of India Sikhism
56%
"Twilight of the Gods"- the end of the world myth of the Norse religion Ragnarok
51%
God of the afterlife and underworld in the ancient Egyptian religion Osiris
49%
Chinese ethical and philosophical system sometimes called a "folk religion" Confucianism
48%
Founder of Daoism Laozi
46%
West African religion blended with Christianity in the Caribbean and southern United States Vodun
45%
Restorationist Christian sect begun in Western New York during the Second Great Awakening Mormonism
41%
Parody religion and social movement begun as a response to evolution denial in science classrooms Pastafarianism
28%
Founder of the Church of Satan and author of "The Satanic Bible" Anton Szandor LaVey
21%
No matching quizzes found
Score Distribution
Percent of People with Each Score
Percentile by Number Answered
Your Score History
You have not taken this quiz